[Event "7th CHN-RUS Rapid"]
[Site "Ningbo CHN"]
[Date "2010.08.13"]
[Round "13"]
[White "Malakhov,V"]
[Black "Bu Xiangzhi"]
[Result "1/2-1/2"]
[WhiteElo "2732"]
[BlackElo "2676"]
[EventDate "2010.08.11"]

1. e4 e5 2. Nf3 d6 3. d4 exd4 4. Nxd4 Nf6 5. Nc3 Be7 6. g3 O-O 7. Bg2 Nc6
8. O-O Nxd4 9. Qxd4 Be6 10. h3 Nd7 11. Nd5 Bxd5 12. Qxd5 c6 13. Qc4 Qc7 14.
Be3 Rfe8 15. Rad1 Rad8 16. Rd2 b5 17. Qe2 Qa5 18. a3 Ne5 19. b3 Qxa3 20.
Rdd1 Qb4 21. Ra1 a5 22. Bd2 Qc5 23. Bxa5 Ra8 24. Qd2 Bg5 25. Qc3 Bf6 26.
Qxc5 dxc5 27. Bc3 Nf3+ 28. Bxf3 Bxc3 29. Rxa8 Rxa8 30. e5 Ra2 31. Bxc6 Rxc2
32. Bxb5 Bxe5 33. Re1 f6 34. Bc4+ Kf8 35. Re2 1/2-1/2

[Event "7th CHN-RUS Rapid"]
[Site "Ningbo CHN"]
[Date "2010.08.13"]
[Round "13"]
[White "Potkin,V"]
[Black "Zhou Jianchao"]
[Result "1/2-1/2"]
[WhiteElo "2626"]
[BlackElo "2668"]
[EventDate "2010.08.11"]

1. d4 Nf6 2. c4 c5 3. d5 g6 4. Nc3 Bg7 5. e4 d6 6. h3 O-O 7. Nf3 e6 8. Bd3
exd5 9. cxd5 a6 10. a4 Nbd7 11. O-O Qe7 12. Re1 Nh5 13. Bg5 Bf6 14. Be3 Ne5
15. Be2 Nxf3+ 16. Bxf3 Ng7 17. Qd2 Bd7 18. a5 Rab8 19. Na4 Bxa4 20. Rxa4 b5
21. axb6 Rxb6 22. b4 Rxb4 23. Rxb4 cxb4 24. Qxb4 Ra8 25. Qa5 Be5 26. Rc1
Qd8 27. Qxd8+ Rxd8 28. Be2 a5 29. f4 Bf6 30. Rc6 Ne8 31. Bb5 Kf8 32. Kf1
Rb8 33. Rb6 Rxb6 34. Bxb6 Bc3 35. Ke2 Nf6 36. Kd3 Be1 37. Bd8 Nh5 38. Ke3
Bg3 39. Kf3 Be1 40. g4 Ng7 41. e5 Bb4 42. exd6 Bxd6 43. Bxa5 h5 44. g5 Nf5
45. Bc3 Bc5 46. Bd3 Ke7 47. Be5 Bb4 48. Bc2 Nh4+ 49. Ke4 Nf5 50. Ba4 Nd6+
51. Kd3 Kd8 52. Bf6+ Kc7 53. Be7 Ba3 54. Ke2 Bb2 55. Kf3 Bd4 56. Bf6 Bxf6
57. gxf6 Kb6 58. f5 g5 59. Bd1 Kc5 60. Ke3 Kxd5 61. Bxh5 Ke5 62. Kf3 Kxf5
63. Bg4+ Kxf6 64. Bd7 Nf5 65. Kg4 Nh4 66. Ba4 Ng6 67. Bc2 Ne5+ 68. Kg3 Ng6
69. Kg4 Nh4 70. Bb1 Ng2 71. Kg3 Ne3 72. Kf3 Nc4 73. Kg3 Ne3 74. Kf3 Nf5 75.
Kg4 Nh4 76. Bd3 Ng2 77. Bb1 Nh4 78. Bd3 Ng6 79. Bb1 Nh4 80. Bd3 Ng2 81. Bb1
Ne3+ 82. Kf3 Nf5 83. Kg4 Nh6+ 84. Kh5 Nf5 85. Kg4 Nh4 86. Bd3 Ng6 87. Bb1
Ne5+ 88. Kg3 Ng6 89. Kg4 Nh4 1/2-1/2

[Event "7th CHN-RUS Rapid"]
[Site "Ningbo CHN"]
[Date "2010.08.13"]
[Round "14"]
[White "Timofeev,Arty"]
[Black "Wang Yue"]
[Result "0-1"]
[WhiteElo "2690"]
[BlackElo "2716"]
[EventDate "2010.08.11"]

1. e4 e5 2. Nf3 Nf6 3. Nxe5 d6 4. Nf3 Nxe4 5. d4 d5 6. Bd3 Nc6 7. O-O Be7
8. c4 Nb4 9. Be2 O-O 10. Nc3 Bf5 11. a3 Nxc3 12. bxc3 Nc6 13. Re1 Re8 14.
cxd5 Qxd5 15. Bf4 Rac8 16. Bd3 Qd7 17. Rb1 b6 18. Bb5 Bxb1 19. Qxb1 Bf6 20.
Rd1 Qg4 21. Bg3 Ne7 22. Bxe8 Rxe8 23. Re1 Qd7 24. Qe4 c6 25. a4 h6 26. h3
a6 27. Ne5 Qe6 28. Qb1 Nc8 29. c4 Bxe5 30. Rxe5 Qd7 31. Qe4 Rxe5 32. Qxe5
b5 33. cxb5 cxb5 34. a5 Ne7 35. Qc5 Nd5 36. Bd6 Qb7 37. Qc2 b4 38. Qe4 Qc6
39. Bc5 b3 40. Ba3 Qe6 41. Qf3 Nc7 42. Bb2 Qd5 43. Qc3 Ne6 44. Qc8+ Kh7 45.
Qxa6 Nf4 46. Qf1 Qxa5 47. Qb1+ f5 48. Kh2 Qd5 49. f3 Qb5 50. Qd1 Nd3 51.
Qe2 Qc4 0-1

[Event "7th CHN-RUS Rapid"]
[Site "Ningbo CHN"]
[Date "2010.08.13"]
[Round "15"]
[White "Bu Xiangzhi"]
[Black "Vitiugov,N"]
[Result "1/2-1/2"]
[WhiteElo "2676"]
[BlackElo "2722"]
[EventDate "2010.08.11"]

1. Nf3 d5 2. d4 Nf6 3. c4 c6 4. Qb3 dxc4 5. Qxc4 Bg4 6. Nc3 Nbd7 7. Bg5 Qa5
8. Bd2 e6 9. e3 Be7 10. Be2 Qb6 11. Qb3 Qxb3 12. axb3 O-O 13. Ne5 Bxe2 14.
Nxd7 Nxd7 15. Kxe2 Rfd8 16. Rhd1 Nf6 17. Na4 Nd5 18. Rdc1 Kf8 19. Ba5 Rdc8
20. e4 Nf6 21. f3 Nd7 22. Bd2 c5 23. dxc5 Nxc5 24. Nxc5 Rxc5 25. Be3 Rxc1
26. Rxc1 Bd8 27. e5 1/2-1/2

[Event "7th CHN-RUS Rapid"]
[Site "Ningbo CHN"]
[Date "2010.08.13"]
[Round "15"]
[White "Timofeev,Arty"]
[Black "Zhou Jianchao"]
[Result "1/2-1/2"]
[WhiteElo "2690"]
[BlackElo "2668"]
[EventDate "2010.08.11"]

1. e4 c5 2. Nf3 e6 3. d4 cxd4 4. Nxd4 a6 5. Bd3 Nf6 6. Qe2 Qc7 7. O-O d6 8.
f4 Nbd7 9. Kh1 Be7 10. c4 O-O 11. Nc3 b6 12. Bd2 Bb7 13. Rae1 Rad8 14. Nf3
Qb8 15. b4 g6 16. Ng5 Rfe8 17. Bc2 Nh5 18. Qg4 Ndf6 19. Qh3 b5 20. cxb5
axb5 21. Bd3 d5 22. Bxb5 Rf8 23. exd5 Nxd5 24. Be2 Bxg5 25. Bxh5 Nxf4 26.
Bxf4 Bxf4 27. Bf3 Bxf3 28. Qxf3 Bxh2 29. b5 Be5 30. a4 Rd4 31. Re4 Rxe4 32.
Nxe4 Qa8 33. Nc5 Qd8 34. Qe4 Bc7 35. Na6 Bb6 36. Qf4 Qd5 37. Nb4 Qh5+ 38.
Qh2 Qe2 39. Qf4 Bc7 40. Qf3 Qc4 41. Nc6 Qh4+ 42. Qh3 Qxa4 43. Ne7+ Kg7 44.
Qc3+ e5 45. Qxc7 Qh4+ 46. Kg1 Qd4+ 47. Kh1 Qh4+ 48. Kg1 Qd4+ 49. Kh1 Qh4+
1/2-1/2

[Event "7th CHN-RUS Rapid"]
[Site "Ningbo CHN"]
[Date "2010.08.13"]
[Round "15"]
[White "Ni Hua"]
[Black "Malakhov,V"]
[Result "1/2-1/2"]
[WhiteElo "2645"]
[BlackElo "2732"]
[EventDate "2010.08.11"]

1. d4 Nf6 2. c4 c5 3. d5 e5 4. Nc3 d6 5. e4 Be7 6. g3 O-O 7. Bg2 Ne8 8.
Nge2 f5 9. O-O fxe4 10. Nxe4 Bf5 11. f4 Nd7 12. h3 exf4 13. Nxf4 Ne5 14.
Ne6 Bxe6 15. Rxf8+ Kxf8 16. dxe6 Nc7 17. Qf1+ Kg8 18. Nc3 Qc8 19. Bd5 Nxd5
20. cxd5 Qc7 21. Bf4 Ng6 22. Be3 Bf6 23. Qe2 Ne7 24. Qh5 g6 25. Qf3 Rf8 26.
Rf1 Bg7 27. Qe4 Nf5 28. Kg2 Qe7 29. g4 Nxe3+ 30. Qxe3 Rxf1 31. Kxf1 Bd4 32.
Qf3 Kg7 33. Ke2 a6 34. a4 Be5 35. b3 b6 36. Ne4 b5 37. axb5 axb5 38. h4 c4
39. bxc4 bxc4 40. g5 Qb7 41. Kf1 Qc7 42. Nf6 Qa7 43. Ne8+ Kg8 44. Nf6+ Kg7
45. Ne8+ Kg8 46. Nf6+ Kg7 47. Ne8+ Kg8 48. Nf6+ Kg7 1/2-1/2